Brandža sa z dna takmer neodlepila

Drevárstvo je naďalej na veľmi nízkych tržbách, nedokázalo sa zbaviť strát, otriasť sa z krízových prepadov.

Uložené v:
Podrobná bibliografia
Hlavný autor: Haluza, Ivan
Médium: Kapitola
Jazyk:Slovak
Predmet:
Tagy: Pridať tag
Žiadne tagy, Buďte prvý, kto otaguje tento záznam!

MARC

LEADER 00000naa a2200000 4500
001 0141699
005 20231113073311.3
041 0 |a slo 
044 |a SK 
245 1 0 |a Brandža sa z dna takmer neodlepila  |c Ivan Haluza 
520 |a Drevárstvo je naďalej na veľmi nízkych tržbách, nedokázalo sa zbaviť strát, otriasť sa z krízových prepadov. 
610 2 0 |a priemysel drevársky 
610 2 0 |a Slovensko 
610 2 0 |a 2010 
100 1 |a Haluza, Ivan